000 01821nam0a2200361 4500
001 RU\NLR\bibl\1807812
005 20250616152334.0
021 _aRU
_b2011-60086
_94235
035 _a(nilc)RSL-KNO-004985166
035 _a(LIBNET)LIBNET\0000097910
035 _a(NLR Aleph) 001798452
090 _a1787882
_c1787882
100 _a20110119d2010 |||y0rusy50 ca
101 0 _arus
102 _aRU
105 _aa zzzz|||||
200 1 _aОсновы устойчивости и динамики сооружений (спецкурс)
_eучебное пособие для студентов строительных специальностей
_fМ. А. Сенющенков
_gГос. образовательное учреждение высш. проф. образования Брянская гос. инженерно-технологическая акад.
210 _aБрянск
_cРИО БГИТА
_d2010
215 _a223 с.
_cил., табл.
_d22
320 _aБиблиогр.: с. 131-133
606 1 _aСооружения
_jУчебные издания для высших учебных заведений
_xУстойчивость
_91821837
_3RU\NLR\auth\661115412
606 1 _aСооружения
_jУчебные издания для высших учебных заведений
_xДинамический расчет
_92205634
_3RU\NLR\auth\661325167
686 _aН112.05я73-1
_2rubbk
686 _aН112.06я73-1
_2rubbk
686 _aН112.06я73-1
700 1 _aСенющенков
_bМ. А.
_gМихаил Александрович
_4070
801 0 _aRU
_bБрянская ОНУБ
_c20110119
_grcr
801 1 _aRU
_bБрянская ОНУБ
_c20110119
801 1 _aRU
_bRuMoRGB
_c20110119
801 2 _aRU
_bNLR
_c20110908
_grcr
942 _cBOOK
980 _aNB